000 00938nam a22002777a 4500
001 8215
003 FISKH
005 20250903094438.0
008 250903b cb ||||| |||| 00| 0 eng d
020 _a9780516245461
040 _aFISKH
_beng
_cFISKH
_dFISKH
050 _aPZ7.E1315 S
082 _a463
100 _aEastman, Patricia
245 _aSometimes things change /
_cBy Patricia Eastaman
260 _aNew York :
_bScholastic ,
_c1993.
300 _a30 pages :
_bcolor illustrations ;
_c18 cm .
490 _aRookie Readers
505 _aJ
520 _aSometimes things change from what they were at first: a caterpillar becomes a butterfly, a trickle becomes a river, a word becomes a story, a stranger becomes a friend, and a baby becomes you.
521 8 _a500
_bLexile estimate
521 8 _aJ
_bRaz-Plus
700 _aHillerich, Robert L.
_eIllustrator
942 _2ddc
_cBK
_n0
999 _c8215
_d8215